Southville International School and Colleges
Your cart is empty.
  • Cart
  • Lists
    Public lists Eva Luna New books Lux_list list_1
    Your lists Log in to create your own lists
  • Log in to your account
  • Your cookies
  • Search history
Southville International School and Colleges
  • Advanced search
  • Recent comments
  • Most popular
  • Libraries

Log in to your account

Log in with GOOGLE


If you do not have an external account, but do have a local account, you can still log in:

  1. Home
  2. MARC view: Perceptions and the use of modern communication accessories in having relationships of grade 6 students /
Normal view MARC view ISBD view

Perceptions and the use of modern communication accessories in having relationships of grade 6 students / (Record no. 96585)

[ view plain ]
MARC details
000 -LEADER
fixed length control field 00818nam a2200205 a 4500
003 - CONTROL NUMBER IDENTIFIER
control field 0
005 - DATE AND TIME OF LATEST TRANSACTION
control field 20250513092949.0
008 - FIXED-LENGTH DATA ELEMENTS--GENERAL INFORMATION
fixed length control field 021107s19uu xx 00 eng d
050 ## - LIBRARY OF CONGRESS CALL NUMBER
Classification number PGS HQ 784.C6
Item number .C454 2002
100 ## - MAIN ENTRY--PERSONAL NAME
Personal name Chan, Kendrik L.
245 ## - TITLE STATEMENT
Title Perceptions and the use of modern communication accessories in having relationships of grade 6 students /
Statement of responsibility, etc Kendrik L. Chan.
260 ## - PUBLICATION, DISTRIBUTION, ETC. (IMPRINT)
Place of publication, distribution, etc Las Piñas City, Philippines :
Name of publisher, distributor, etc Southville International School and Colleges,
Date of publication, distribution, etc 2002.
300 ## - PHYSICAL DESCRIPTION
Extent 23 pages :
Other physical details illustrations ;
Dimensions 28 cm.
504 ## - BIBLIOGRAPHY, ETC. NOTE
Bibliography, etc Includes bibliographical references.
650 ## - SUBJECT ADDED ENTRY--TOPICAL TERM
Topical term or geographic name as entry element Internet and children.
650 ## - SUBJECT ADDED ENTRY--TOPICAL TERM
Topical term or geographic name as entry element Mobile communication systems
Form subdivision Social aspects.
650 ## - SUBJECT ADDED ENTRY--TOPICAL TERM
Topical term or geographic name as entry element Interpersonal relations in children.
650 ## - SUBJECT ADDED ENTRY--TOPICAL TERM
Topical term or geographic name as entry element Social media
Form subdivision Psychological aspects
-- Children.
942 ## - ADDED ENTRY ELEMENTS (KOHA)
Source of classification or shelving scheme Library of Congress Classification
Koha item type PASS
Holdings
Withdrawn status Lost status Source of classification or shelving scheme Damaged status Home library Current library Shelving location Date acquired Source of acquisition Total Checkouts Full call number Barcode Date last seen Price effective from Koha item type
    Library of Congress Classification   Luxembourg Library Luxembourg Library Portfolio Assessment of SISC Students Section 11/07/2002 Donation   PGS HQ 784.C6 .C454 2002 P0561 04/08/2014 04/08/2014 PASS

Perceptions and the use of modern communication accessories in having relationships of grade 6 students /

APA

Chan K. L., . (2002). Perceptions and the use of modern communication accessories in having relationships of grade 6 students. Las Piñas City, Philippines: Southville International School and Colleges.

Chicago

Chan Kendrik L, . 2002. Perceptions and the use of modern communication accessories in having relationships of grade 6 students. Las Piñas City, Philippines: Southville International School and Colleges.

Harvard

Chan K. L., . (2002). Perceptions and the use of modern communication accessories in having relationships of grade 6 students. Las Piñas City, Philippines: Southville International School and Colleges.

MLA

Chan Kendrik L, . Perceptions and the use of modern communication accessories in having relationships of grade 6 students. Las Piñas City, Philippines: Southville International School and Colleges. 2002.

  • Print
  • Cite
  • Add to your cart (remove)
  • Save record
    BIBTEX Dublin Core MARCXML MARC (non-Unicode/MARC-8) MARC (Unicode/UTF-8) MARC (Unicode/UTF-8, Standard) MODS (XML) RIS
  • More searches
    Search for this title in:
    Other Libraries (WorldCat) Other Databases (Google Scholar) Online Stores (Bookfinder.com) Open Library (openlibrary.org)

Exporting to Dublin Core...

SOUTHVILLE LIBRARY

Southville International School and Colleges Library

1281 Tropical Ave. Cor. Luxembourg St., BF Homes International, Las Pinas City

Tel. No. 8256374 / 252358 Loc. 117/146

Powered by Koha